01223nam a2200253 a 450000100100000000500170001000800410002704000250006808200170009310000480011024501160015826000400027430000310031450000580034560000480040365100620045165100660051365000760057970000520065504900090070795201210071695201150083799900170095200002179020200930011442.0100913s2002 dr a 000 0 spa d aDO-SdBNPbspacBNPHU a923.2bB352m1 aBautista Ramos, José Eligiod1930-94526610aMameyón :breseñas y documentos /cJosé Eligio Bautista Ramos : prólogo Rafael Leonidas Herasme Acosta. aSanto Domingo :bCentenario,c2002. a362 p. :bretrs. ;c26 cm. aIncluye datos biográficos del autor en las solapas.14aBAUTISTA RAMOS, JOSÉ ELIGIOd1930-945267 4aRepública DominicanaxPolítica Y Gobiernoy1961-9204 4aRepública DominicanaxPolítica Y Gobiernoy1930-19619479 4aViolencia políticaxHistoriaySIGLO 20zRepública Dominicana9452681 aHerasme Acosta, Rafael Leonidasepról.945269 aBNPD 0010718PDaPDbPDcCTd2010-09-13iLF1l0o923.2 B352mp21790-10r2020-06-25te. 2w2020-06-25yLFPDZNo se presta 0010718PDaPDbPDcCTd2010-09-13iLF1l0o923.2 B352mp21790-20r2020-06-25w2020-06-25yLFPDZNo se presta c21289d21289